Implementácia európskej schémy environmentálneho manažérstva a auditu v podmienkach SR

Environmentálna politika Európskej únie. Päť kľúčových úloh, ktoré môžu zaviesť do každodennej praxe a procesov environmentálne zásady a princípy. Ciele EMAS II (Environmental Management and Audit). Schémy základných procesov EMAS. Implementácia EMAS II v podmienkach SR. Ciele podpory EMAS v SR.

Salvato in:
Dettagli Bibliografici
Autore principale: Boďová, Emília
Natura: Capitolo di libro
Lingua:slovacco
Soggetti:
Tags: Aggiungi Tag
Nessun Tag, puoi essere il primo ad aggiungerne!!

MARC

LEADER 00000naa a2200000 4500
001 r046178
005 20231002070248.3
041 0 |a slo 
044 |a SK 
245 1 0 |a Implementácia európskej schémy environmentálneho manažérstva a auditu v podmienkach SR  |c Emília Boďová 
520 |a Environmentálna politika Európskej únie. Päť kľúčových úloh, ktoré môžu zaviesť do každodennej praxe a procesov environmentálne zásady a princípy. Ciele EMAS II (Environmental Management and Audit). Schémy základných procesov EMAS. Implementácia EMAS II v podmienkach SR. Ciele podpory EMAS v SR. 
610 2 0 |a politika environmentálna 
610 2 0 |a Európska únia 
610 2 0 |a legislatíva 
610 2 0 |a programy 
610 2 0 |a podnik malý 
610 2 0 |a podnik stredný 
610 2 0 |a Slovensko 
100 1 |a Boďová, Emília